Nové možnosti dynamickej headspace extrakcie v analýze prchavých organických zlúčenín
Gespeichert in:
| 1. Verfasser: | |
|---|---|
| Weitere Verfasser: | |
| Format: | Manuskript Buch |
| Sprache: | Slowakisch |
| Veröffentlicht: |
2021
|
| Schlagworte: | |
| Online-Zugang: | http://is.stuba.sk/zp/portal_zp.pl?podrobnosti=157694 |
| Tags: |
Keine Tags, Fügen Sie das erste Tag hinzu!
|
MARC
| LEADER | 00000ntm a22000003a 4500 | ||
|---|---|---|---|
| 001 | stuzp84873 | ||
| 003 | SK-STU | ||
| 005 | 20210605211037.6 | ||
| 007 | ta | ||
| 008 | 150427s2015----xo-----f-mn---000-0-slo-d | ||
| 040 | |a STU |b slo | ||
| 041 | 0 | |a slo | |
| 100 | 1 | |a Hanobiková, Mária |u 041000 |4 aut |U FCHPT Fakulta chemickej a potravinárskej technológie |T FCHPT Ústav analytickej chémie |X 88531 |U C1000 |Y 99 |7 88531 | |
| 242 | 0 | 1 | |a Novel possibilities of dynamic headspace extraction for analysis of volatile organic compounds |y eng |
| 245 | 1 | 0 | |a Nové možnosti dynamickej headspace extrakcie v analýze prchavých organických zlúčenín |
| 260 | |c 2021 | ||
| 650 | 4 | |a dynamický headspace |2 slo | |
| 650 | 4 | |a tokajské vína |2 slo | |
| 650 | 4 | |a metóda viacnásobného vzorkovania |2 slo | |
| 650 | 4 | |a lineárna diskriminačná analýza |2 slo | |
| 650 | 4 | |a nanovlákna |2 slo | |
| 650 | 4 | |a dynamic headspace |2 eng | |
| 650 | 4 | |a Tokaj wines |2 eng | |
| 650 | 4 | |a multi-volatile method |2 eng | |
| 650 | 4 | |a linear discriminant analysis |2 eng | |
| 650 | 4 | |a nanofibers |2 eng | |
| 700 | 1 | |a Vyviurska, Olga |u 041000 |k Z1 |4 ths |U FCHPT Fakulta chemickej a potravinárskej technológie |T FCHPT Ústav analytickej chémie |X 45099 |U C1000 |Y 99 |7 A0000045099 | |
| 856 | 4 | |u http://is.stuba.sk/zp/portal_zp.pl?podrobnosti=157694 | |